Opravujeme a modernizujeme rodinný domek a byt

Enregistré dans:
Détails bibliographiques
Auteur principal: Měšťan, Radomír (Auteur)
Format: Livre
Langue:tchèque
Publié: Praha : SNTL, 1974
Édition:3.preprac.vyd.
Tags: Ajouter un tag
Pas de tags, Soyez le premier à ajouter un tag!

MARC

LEADER 00000nam a22000003a 4500
001 stu269606
005 20150617230231.1
008 130702s--------cs------------------cze-d
040 |a STU  |b slo 
041 0 |a cze 
044 |a cs 
080 |a 728.1 
080 |a 643 
100 1 |a Měšťan, Radomír  |4 aut 
245 1 |a Opravujeme a modernizujeme rodinný domek a byt 
250 |a 3.preprac.vyd. 
260 |a Praha :  |b SNTL,  |c 1974 
300 |a 224 s 
996 |b 284V035183  |c V*8107/O-959  |l VVS  |s A  |a 24  |w stu269606_0001